Football - Les Transferts en Arabie Saoudite - Statistiques

Statistiques générales
  • Ce quiz a été pris 306 fois
  • Le résultat moyen est 20 sur 44
Statistiques - réponses
Nationalité Joueur Club d'origine Club saoudien Montant du transfert % Correct
France Karim Benzema Real Madrid Al-Ittihad Libre
95%
Portugal Cristiano Ronaldo Manchester United Al-Nassr Libre
80%
Brésil Neymar Junior Paris Saint-Germain Al-Hilal 45 millions
78%
France N'Golo Kanté Chelsea Al-Ittihad Libre
78%
Maroc Yassine Bounou FC Séville Al-Hilal 21 millions
76%
Sénégal Sadio Mané Bayern Munich Al-Nassr 30 millions
74%
Algérie Riyad Mahrez Manchester City Al-Ahli 35 millions
67%
Serbie Aleksandar Mitrovic Fulham Al-Hilal 52,6 millions
66%
Côte d'ivoire Seko Fofana RC Lens Al-Nassr 25 millions
65%
Brésil Fabinho Liverpool Al-Ittihad 46,7 millions
58%
Serbie Sergej Milinkovic-Savic Lazio Rome Al-Hilal 40 millions
58%
Angleterre Jordan Henderson Liverpool Al-Ettifaq 14 millions
57%
Sénégal Kalidou Koulibaly Chelsea Al-Hilal 23 millions
56%
Côte d'ivoire Franck Kessié FC Barcelone Al-Ahli 12,5 millions
55%
Croatie Marcelo Brozovic Inter Milan Al-Nassr 18 millions
55%
Brésil Roberto Firmino Liverpool Al-Ahli Libre
55%
Sénégal Edouard Mendy Chelsea Al-Ahli 18,5 millions
54%
Brésil Malcom Zénith Saint-Pétersbourg Al Hilal 60 millions
54%
Portugal Ruben Neves Wolverhampton Al-Hilal 55 millions
53%
Espagne Aymeric Laporte Manchester City Al-Nassr 27,5 millions
51%
Pays-Bas Georginio Wijnaldum Paris Saint-Germain / AS Rome Al-Ettifaq 8 millions
51%
Portugal Jota Celtic Glasgow Al-Ittihad 29,1 millions
50%
Belgique Yannick Carrasco Atlético Madrid Al-Shabab 15 millions
49%
France Allan Saint-Maximin Newcastle Al-Ahli 27,2 millions
48%
Croatie Ivan Rakitic FC Séville Al-Shabab Libre
45%
Brésil Renan Lodi Olympique de Marseille Al-Hilal 23 millions
44%
Belgique Jason Denayer Olympique Lyonnais / Al-Ahli Dubai Al-Fateh Libre
42%
Cameroun Karl Toko-Ekambi Olympique Lyonnais / Stade Rennais Abha 1,5 millions
42%
Sénégal Habib Diallo Strasbourg Al-Shabab 18 millions
39%
France Moussa Dembélé Olympique Lyonnais Al-Ettifaq Libre
35%
Portugal Otavio FC Porto Al-Nassr 60 millions
35%
Turquie Merih Demiral Atalanta Al-Ahli 16,6 millions
28%
Roumanie Ciprian Tatarusanu AC Milan Abha Libre
27%
Espagnol Gabri Veiga Celta Vigo Al-Ahli 30 millions
27%
Maroc Romain Saïss Besiktas / Al-Sadd SC Al-Shabab Prêt
22%
Brésil Alex Telles FC Séville Al-Nassr 4,6 millions
20%
Jamaïque Demarai Gray Everton Al-Ettifaq 9,3 millions
20%
Brésil Roger Ibanez AS Rome Al-Ahli 30 millions
20%
Brésil Andrei Girotto Nantes Al-Taawon 4 millions
19%
Italie Luiz Felipe Betis Séville Al-Ittihad 22 millions
19%
Gambie Musa Barrow Bologne Al-Tawan 8 millions
16%
Argentine Ever Banega FC Séville Al-Shabab Libre
15%
Cameroun Georges-Kevin N'Koudou Besiktas Damac Libre
15%
Pologne Grzegorz Krychowiak AEK Athènes / Al-Shabab Abha Libre
9%
Aucun quiz correspondant
Distribution des résultats
% des personnes avec chaque résultat
Percentile par nombre de réponses
Votre historique - résultats
Vous n’avez pas pris ce quiz